Klasifikácia smiechu

Bibliographic Details
Main Author: Pevný, Vladimír, 1926- (Author)
Format: Article
Language:Slovak
Subjects:

MARC

LEADER 00000nab a2200000 a 4500
001 vtls000545200
003 SK-MaSNL
005 20260304090955.0
008 250425c1995 xo 0 slo
015 |a SNBRB19rr/mm-uuuuu 
035 |a CL0545338 
035 |a urn:nbn:sk:snk-abep7l 
035 |a (urnnbn)urn:nbn:sk:snk:ar-000eu2 
035 |a (uuid)d38ebaa3-0ddb-4a5a-8d2e-c05470d218d0 
040 |a SNKBUCL  |b slo  |c SNKBUCL  |e AACR2 
041 0 |a slo 
044 |a xo  |c SK 
080 |a 159.94.3  |2 1981 
100 1 |a Pevný, Vladimír,  |d 1926-  |4 aut  |9 251678 
245 1 0 |a Klasifikácia smiechu  |c Vladimír Pevný 
504 |a Bibliogr. odkazy 
650 0 7 |a smiech  |2 snkbucl  |9 17244 
650 0 7 |a humor  |2 snkbucl  |9 1763 
655 7 |a články z novín a časopisov  |2 snkbucl  |9 267496 
773 0 |t Slovenské pohľady  |g Roč. 4+111, č. 2 (1995), s. 96-100 
850 |a Slovenská národná knižnica 
852 |a Slovenská národná knižnica 
958 |a article27 
958 |a NB 
958 |a RK 
958 |a OND 
958 |a EUIPO 
992 |a RBX 
999 |c 2813547  |d 2815477